00668 2200265 4500001002100000005001500021035002000036007000300056008004100059020002200100082000800122084001800130100001700148245007800165260002400243990001300267990001300280990001300293990001600306990001600322990001600338990001600354990001600370990001600386INLIS00000000000005220210407012539 a0010-0421000052ta210407 g 0 ind  a978-602-214-785-9 a574 a574 IRN b c.30 aIrnaningtyas1 aBIOLOGI untuk SMA/MA Kelas X Kelompok Peminatan, Matematika dan Ilmu Alam aJakarta :bErlangga a11021102 a11021102 a11021102 a2017/p/0096 a2017/p/0097 a2017/p/0098 a2017/p/0096 a2017/p/0097 a2017/p/0098